Statistiken für Nahaufnahmen von Tieren

Klicken Sie hier um das Quiz zu spielen!

Allgemein

  • Dieses Quiz wurde 1,802 mal gespielt
  • Das Durchschnittsergebnis liegt bei 14 aus 16

Antwortstatistiken

Answer % Korrekt
Zebra
100%
Tiger
99%
Giraffe
99%
Großer Panda
97%
Jaguar
95%
Kaiserpinguin
94%
Monarchfalter
94%
Pfau
93%
Marienkäfer
89%
Stinktier
87%
Kobra
85%
Clownfisch
82%
Orca
78%
Gürteltier
75%
Truthahn
67%
Schwarze Witwe
38%

Verteilung der Resultate

Perzentil nach korrekt beantworteten Fragen

Anzahl Personen mit jedem Resultat

Ihre Resultats-Entwicklung

Sie haben dieses Quiz noch nicht gespielt